Statistics for Top 10 Pizza Toppings

Click here to take the quiz!

General Stats

  • This quiz has been taken 208 times
    (199 since last reset)
  • The average score is 7 of 10

Answer Stats

Answers% Correct
Cheese
93%
Pepperoni
87%
Sausage
77%
Pineapple
73%
Mushroom
70%
Bacon
69%
Onion
67%
Chicken
56%
Green Peppers
50%
Shrimp
10%

Score Distribution

Percentile by Number Answered

Percent of People with Each Score

Your Score History

You have not taken this quiz since the last reset